000 00843nam a22001817a 4500
999 _c5645
_d5645
003 AR-CdUCM
008 190313b ||||| |||| 00| 0 spa d
040 _aMUNICIPALIDAD PROVINCIAL DEL CUSCO
_cBIBLIOTECA MUNICIPAL DEL CUSCO
082 _a987.1 /
_bS64
110 _aPublicaciones de la sociedad Bolivariana de Venezuela
_916860
245 _aTestimonios peruanos sobre el libertador /
260 _aCaracas :
_bNacional,
_c1964.
300 _a482 paginas ;
_c23 cm.
500 _aDonación de la familia Nieto
505 _aContenido : Actos y documentos oficiales en honor del libertador -- Llegada del libertador a Lima -- El congreso del Perú deposita en el libertador la suprema autoridad de la nación -- Decretos de honores -- Manifiesto del consejo de gobierno a los pueblos del Perú ...
942 _2ddc
_cLIBROS
945 _arah